[Event "FIDE WCC Blitz Women 2019"]
[Site "Moscow"]
[Date "2019.12.29"]
[Round "3.30"]
[White "Guichard, Pauline"]
[Black "Fataliyeva, Ulviyya"]
[Result "0-1"]
[WhiteElo "2335"]
[BlackElo "2108"]
[Annotator "NA"]
[PlyCount "70"]
[EventDate "2019.12.29"]
[EventType "swiss"]
[EventCountry "RUS"]
[SourceTitle "playchess.com"]
[Source "ChessBase"]
[SourceQuality "1"]

1. c4 e6 2. Nf3 f5 3. g3 Nf6 4. Bg2 Be7 5. d4 d5 6. O-O Ne4 7. b3 h5 8. Ne5 Bg5 9. h4 Bxc1 10. Qxc1 Qf6 11. Nd2 c6 12. Nxe4 dxe4 13. Qg5 Qxg5 14. hxg5 Nd7 15. Ng6 Rh7 16. Rad1 Kf7 17. Nf4 g6 18. d5 cxd5 19. cxd5 e5 20. Ne6 Nb6 21. Nc7 Rb8 22. Rd2 Bd7 23. Rc1 h4 24. gxh4 Rxh4 25. f3 e3 26. Rd3 f4 27. a4 Rbh8 28. Nb5 Bh3 29. Rc7+ Ke8 30. Rxb7 Nc8 31. Nc7+ Kd7 32. Nb5+ Kd8 33. Nd6 Nxd6 34. Rxa7 Bxg2 35. Ra8+ Nc8 0-1

[Event "FIDE WCC Blitz Women 2019"]
[Site "Moscow"]
[Date "2019.12.29"]
[Round "3.31"]
[White "Bykova, Anastasia"]
[Black "Mamedjarova, Zeinab"]
[Result "1-0"]
[WhiteElo "2107"]
[BlackElo "2325"]
[Annotator "NA"]
[PlyCount "59"]
[EventDate "2019.12.29"]
[EventType "swiss"]
[EventCountry "RUS"]
[SourceTitle "playchess.com"]
[Source "ChessBase"]
[SourceQuality "1"]

1. d4 d5 2. c4 dxc4 3. Nf3 Nf6 4. e3 e6 5. Bxc4 c5 6. O-O a6 7. a4 Qc7 8. Qe2 b6 9. Nc3 Bb7 10. b3 Nbd7 11. Bb2 cxd4 12. exd4 Be7 13. d5 exd5 14. Rfe1 O-O 15. Bxa6 Bxa6 16. Qxe7 Rfe8 17. Nxd5 Nxd5 18. Qxe8+ Rxe8 19. Rxe8+ Nf8 20. Ba3 h6 21. Rxf8+ Kh7 22. Re1 Nf4 23. h3 Bb7 24. Re7 Qc6 25. Rfxf7 Ba8 26. Rxg7+ Kh8 27. Bb2 Nd3 28. Rh7+ Kg8 29. Reg7+ Kf8 30. Rh8# 1-0

[Event "FIDE WCC Blitz Women 2019"]
[Site "Moscow"]
[Date "2019.12.29"]
[Round "3.32"]
[White "Semenova, Elena"]
[Black "Shuvalova, Polina"]
[Result "1-0"]
[WhiteElo "2114"]
[BlackElo "2302"]
[Annotator "TA"]
[PlyCount "129"]
[EventDate "2019.12.29"]
[EventType "swiss"]
[EventCountry "RUS"]
[SourceTitle "playchess.com"]
[Source "ChessBase"]
[SourceQuality "1"]

1. e4 c6 2. d4 d5 3. Nd2 dxe4 4. Nxe4 Bf5 5. Ng3 Bg6 6. h4 h6 7. f4 e6 8. Nf3 Nf6 9. h5 Bh7 10. Bd3 Bxd3 11. Qxd3 Nbd7 12. Bd2 Be7 13. O-O-O Qc7 14. Ne5 O-O 15. Ne4 Nxe4 16. Qxe4 Nf6 17. Qe2 c5 18. dxc5 Qxc5 19. g4 Rac8 20. c3 Nd5 21. g5 Qa5 22. Kb1 hxg5 23. fxg5 Qa6 24. Qe4 Bd6 25. h6 Bxe5 26. Qxe5 Qd3+ 27. Ka1 Qg6 28. hxg7 Qxg7 29. Qe4 Ne7 30. c4 Ng6 31. Bc3 e5 32. Rd6 Rfe8 33. a3 b6 34. Rf1 Re7 35. Rfd1 Rce8 36. Rd7 Qf8 37. R1d6 Rxd7 38. Rxd7 Qc5 39. Rxa7 Qg1+ 40. Ka2 Qxg5 41. Qd5 Qf4 42. Bd2 Qf5 43. Be3 Rc8 44. Bxb6 Nf4 45. Qd7 Qxd7 46. Rxd7 Rxc4 47. Kb3 Rc6 48. Be3 Ng2 49. Bd2 f5 50. Re7 e4 51. Re5 Rf6 52. Bg5 Rf7 53. a4 Kh7 54. Re6 Rg7 55. Bd2 Rb7+ 56. Kc2 Kg7 57. a5 Kf7 58. Re5 Kf6 59. Bc3 Kg6 60. a6 Ra7 61. Re6+ Kg5 62. Bd4 Rd7 63. a7 Rd8 64. Bf6+ Kg4 65. Bxd8 1-0

[Event "FIDE WCC Blitz Women 2019"]
[Site "Moscow"]
[Date "2019.12.29"]
[Round "3.33"]
[White "Nomin-Erdene, Davaademberel"]
[Black "Mikhaylova, Irina"]
[Result "1-0"]
[WhiteElo "2298"]
[BlackElo "2090"]
[Annotator "NA"]
[PlyCount "73"]
[EventDate "2019.12.29"]
[EventType "swiss"]
[EventCountry "RUS"]
[SourceTitle "playchess.com"]
[Source "ChessBase"]
[SourceQuality "1"]

1. e4 c5 2. Nf3 Nc6 3. d4 cxd4 4. Nxd4 e5 5. Nb5 d6 6. N1c3 a6 7. Na3 b5 8. Nd5 Nge7 9. c4 Nd4 10. Bd3 Nxd5 11. cxd5 Be7 12. Nc2 Nxc2+ 13. Qxc2 O-O 14. O-O Bd7 15. b3 Rc8 16. Qe2 f5 17. a4 fxe4 18. Bxe4 h6 19. Bd3 Rb8 20. Be3 Bg5 21. Qh5 Qe8 22. Bg6 Qe7 23. Bd3 Bxe3 24. fxe3 Rxf1+ 25. Rxf1 Rf8 26. Rxf8+ Qxf8 27. Qg6 Qf6 28. Qh7+ Kf7 29. axb5 axb5 30. Qe4 g6 31. Be2 Qg5 32. Kf2 Kf6 33. Qb4 Qf5+ 34. Ke1 Qb1+ 35. Kf2 Qf5+ 36. Kg1 Qg5 37. Qxd6+ 1-0

[Event "FIDE WCC Blitz Women 2019"]
[Site "Moscow"]
[Date "2019.12.29"]
[Round "3.34"]
[White "Kovalevskaya, Ekaterina"]
[Black "Komiagina, Maria"]
[Result "1/2-1/2"]
[WhiteElo "2286"]
[BlackElo "2106"]
[Annotator "NA"]
[PlyCount "64"]
[EventDate "2019.12.29"]
[EventType "swiss"]
[EventCountry "RUS"]
[SourceTitle "playchess.com"]
[Source "ChessBase"]
[SourceQuality "1"]

1. Nf3 Nf6 2. g3 c5 3. Bg2 Nc6 4. O-O d5 5. d4 e6 6. c4 dxc4 7. Qa4 Bd7 8. Qxc4 Qb6 9. Nc3 cxd4 10. Nb5 Rc8 11. Nbxd4 Nxd4 12. Qxd4 Bc5 13. Qh4 O-O 14. Bg5 Nd5 15. Ne5 Bb5 16. Nd3 Bxd3 17. exd3 h6 18. Bf4 Rfd8 19. Be5 Ne7 20. Bc3 Nf5 21. Qg4 Bd4 22. Rac1 Bxc3 23. bxc3 Rxd3 24. Be4 Rdxc3 25. Rxc3 Rxc3 26. Bxf5 exf5 27. Qxf5 Qe6 28. Qb5 Qxa2 29. Qe8+ Kh7 30. Qe4+ Kg8 31. Qe8+ Kh7 32. Qe4+ Kg8 1/2-1/2

[Event "FIDE WCC Blitz Women 2019"]
[Site "Moscow"]
[Date "2019.12.29"]
[Round "3.35"]
[White "Protopopova, Anastasiya"]
[Black "Kashlinskaya, Alina"]
[Result "0-1"]
[WhiteElo "2084"]
[BlackElo "2282"]
[Annotator "NA"]
[PlyCount "101"]
[EventDate "2019.12.29"]
[EventType "swiss"]
[EventCountry "RUS"]
[SourceTitle "playchess.com"]
[Source "ChessBase"]
[SourceQuality "1"]

1. d4 Nf6 2. c4 e6 3. g3 d5 4. Bg2 Bb4+ 5. Bd2 Bd6 6. Nc3 dxc4 7. e4 e5 8. dxe5 Bxe5 9. Nge2 O-O 10. O-O Nc6 11. a3 Re8 12. Qc2 Be6 13. Rad1 Qc8 14. Be3 Bh3 15. f4 Bxc3 16. Nxc3 Bxg2 17. Kxg2 Qe6 18. e5 Rad8 19. Bg1 Nd5 20. Ne4 Qg4 21. Rde1 Nce7 22. h3 Qg6 23. Qxc4 Nf5 24. g4 b5 25. Qc2 c5 26. Kh2 Nd4 27. Qxc5 Ne6 28. Qxb5 Ndxf4 29. Nd6 Rb8 30. Qa5 Rxb2+ 31. Rf2 Reb8 32. Ref1 Rxf2+ 33. Rxf2 h5 34. Qa4 hxg4 35. Rxf4 Nxf4 36. Qxf4 Rb2+ 37. Kh1 gxh3 38. Qf3 Rb1 39. Qf2 Qg4 40. Qxf7+ Kh8 41. Qf8+ Kh7 42. Qf5+ Qxf5 43. Nxf5 Re1 44. Kh2 Rxe5 45. Ng3 Ra5 46. Kxh3 Rxa3 47. Kg4 a5 48. Nf5 a4 49. Nd4 Rd3 50. Nc2 a3 51. Bd4 0-1

[Event "FIDE WCC Blitz Women 2019"]
[Site "Moscow"]
[Date "2019.12.29"]
[Round "3.36"]
[White "Nurgali, Nazerke"]
[Black "Maltsevskaya, Aleksandra"]
[Result "1/2-1/2"]
[WhiteElo "2075"]
[BlackElo "2280"]
[Annotator "NA"]
[PlyCount "90"]
[EventDate "2019.12.29"]
[EventType "swiss"]
[EventCountry "RUS"]
[SourceTitle "playchess.com"]
[Source "ChessBase"]
[SourceQuality "1"]

1. d4 Nf6 2. c4 g6 3. Nf3 Bg7 4. Nc3 O-O 5. e4 d6 6. Be2 e5 7. dxe5 dxe5 8. Qxd8 Rxd8 9. Bg5 Re8 10. O-O-O h6 11. Bh4 Nbd7 12. Nd2 c6 13. f3 Nh5 14. Rhe1 Nf4 15. Bf1 Nc5 16. Nb3 Nxb3+ 17. axb3 Ne6 18. Bf2 Nd4 19. Bxd4 exd4 20. Ne2 c5 21. Nf4 Be6 22. Bd3 Be5 23. Nxe6 Rxe6 24. g3 g5 25. Rf1 Rf6 26. Kd2 a5 27. Ra1 Rb6 28. Bc2 a4 29. Kd3 Rb4 30. bxa4 Rxb2 31. Rfb1 Rb4 32. Rxb4 cxb4 33. Rb1 Bd6 34. Kxd4 Rd8 35. Ke3 Bc5+ 36. Ke2 Rd4 37. Bb3 Rd6 38. Rd1 Bd4 39. Rd3 Kg7 40. f4 f6 41. Kf3 b6 42. h3 Kg6 43. Rd1 Kg7 44. Rd3 Kg6 45. Rd1 Kg7 1/2-1/2

[Event "FIDE WCC Blitz Women 2019"]
[Site "Moscow"]
[Date "2019.12.29"]
[Round "3.37"]
[White "Mamedjarova, Turkan"]
[Black "Shafigullina, Zarina"]
[Result "1-0"]
[WhiteElo "2273"]
[BlackElo "2052"]
[Annotator "NA"]
[PlyCount "105"]
[EventDate "2019.12.29"]
[EventType "swiss"]
[EventCountry "RUS"]
[SourceTitle "playchess.com"]
[Source "ChessBase"]
[SourceQuality "1"]

1. d4 Nf6 2. c4 e6 3. Nc3 Bb4 4. Qc2 c5 5. dxc5 O-O 6. Nf3 Na6 7. Bg5 Nxc5 8. e3 Bxc3+ 9. bxc3 h6 10. Bh4 b6 11. Be2 Bb7 12. O-O Rc8 13. Rfd1 Qe7 14. Rd4 Rfd8 15. Ne5 g5 16. Bg3 d6 17. Ng4 Nxg4 18. Bxg4 f5 19. Bh5 e5 20. Rdd1 f4 21. exf4 exf4 22. Re1 Qg7 23. Re2 Be4 24. Rxe4 Nxe4 25. Qxe4 fxg3 26. hxg3 Kh8 27. Re1 Rf8 28. Qd5 Rcd8 29. Re3 Rd7 30. Re6 Re7 31. Rg6 Qxc3 32. Rxh6+ Rh7 33. Qxg5 Qe1+ 34. Kh2 Qe5 35. Rxh7+ Kxh7 36. Qg6+ Kh8 37. Qh6+ Kg8 38. Bf3 Rf7 39. Bd5 Qe7 40. g4 Qe5+ 41. g3 Qe7 42. Qg6+ Kf8 43. Qxf7+ Qxf7 44. Bxf7 Kxf7 45. f4 d5 46. cxd5 b5 47. Kg2 a5 48. Kf3 Ke7 49. Ke4 Kd6 50. Kd4 b4 51. Kc4 a4 52. Kxb4 Kxd5 53. Kxa4 1-0

[Event "FIDE WCC Blitz Women 2019"]
[Site "Moscow"]
[Date "2019.12.29"]
[Round "3.38"]
[White "Bulatova, Kamaliya"]
[Black "Mkrtchian, Lilit"]
[Result "0-1"]
[WhiteElo "2038"]
[BlackElo "2268"]
[Annotator "NA"]
[PlyCount "76"]
[EventDate "2019.12.29"]
[EventType "swiss"]
[EventCountry "RUS"]
[SourceTitle "playchess.com"]
[Source "ChessBase"]
[SourceQuality "1"]

1. d4 e6 2. c4 b6 3. Nf3 Bb7 4. g3 Bb4+ 5. Bd2 Bxf3 6. exf3 Bxd2+ 7. Qxd2 Nf6 8. Nc3 O-O 9. Bg2 d5 10. cxd5 Nxd5 11. f4 c6 12. Nxd5 cxd5 13. O-O Nc6 14. Rac1 Qd6 15. a3 Rfc8 16. b4 a5 17. b5 Ne7 18. Qd3 g6 19. Rfe1 Rc7 20. Rxc7 Qxc7 21. h4 h5 22. Bh3 Rc8 23. Qf3 Qc3 24. Qxc3 Rxc3 25. Re3 Rc4 26. Bf1 Rc1 27. Kg2 Nf5 28. Rd3 Kf8 29. Rd2 Ke7 30. Be2 Rc3 31. a4 Kd7 32. Kh2 Ra3 33. Rc2 Nxd4 34. Rd2 Rxa4 35. Bd1 Rb4 36. Kg2 Nxb5 37. f5 Rd4 38. Rxd4 Nxd4 0-1

[Event "FIDE WCC Blitz Women 2019"]
[Site "Moscow"]
[Date "2019.12.29"]
[Round "3.39"]
[White "Potapova, Margarita"]
[Black "Borisova, Ekaterina"]
[Result "1-0"]
[WhiteElo "2259"]
[BlackElo "2029"]
[Annotator "NA"]
[PlyCount "89"]
[EventDate "2019.12.29"]
[EventType "swiss"]
[EventCountry "RUS"]
[SourceTitle "playchess.com"]
[Source "ChessBase"]
[SourceQuality "1"]

1. d4 Nf6 2. c4 e6 3. Nf3 d5 4. Nc3 Bb4 5. Qa4+ Nc6 6. a3 Bd6 7. c5 Be7 8. b4 O-O 9. e3 e5 10. Be2 e4 11. Nd2 Bf5 12. h3 Nb8 13. Bb2 c6 14. Qc2 Bg6 15. g4 Ne8 16. O-O-O Nc7 17. Nf1 Bh4 18. Ng3 Qg5 19. Rhg1 a5 20. b5 Nd7 21. Kb1 cxb5 22. Nxb5 Nxb5 23. Bxb5 Nb8 24. Rdf1 Nc6 25. Nf5 Bxf5 26. gxf5 Qxf5 27. f3 Rae8 28. Rg4 Bd8 29. fxe4 Qh5 30. exd5 Qxd5 31. Bc4 Qd7 32. Rfg1 Bf6 33. d5 Ne5 34. R4g3 g6 35. Bb3 a4 36. Bxa4 Qxd5 37. Bb3 Qd7 38. Bxe5 Rxe5 39. Rxg6+ Kh8 40. Rxf6 Qe7 41. Rh6 f5 42. Qc3 Rc8 43. Re6 Rcxc5 44. Rxe7 Rxc3 45. Rg8# 1-0

[Event "FIDE WCC Blitz Women 2019"]
[Site "Moscow"]
[Date "2019.12.29"]
[Round "3.40"]
[White "Serikbay, Assel"]
[Black "Guseva, Marina"]
[Result "0-1"]
[WhiteElo "2028"]
[BlackElo "2245"]
[Annotator "NA"]
[PlyCount "150"]
[EventDate "2019.12.29"]
[EventType "swiss"]
[EventCountry "RUS"]
[SourceTitle "playchess.com"]
[Source "ChessBase"]
[SourceQuality "1"]

1. d4 Nf6 2. c4 e6 3. g3 c5 4. d5 exd5 5. cxd5 d6 6. Nc3 g6 7. Bg2 Bg7 8. Nf3 O-O 9. O-O Re8 10. Nd2 a6 11. a4 Nbd7 12. h3 Rb8 13. a5 b5 14. axb6 Nxb6 15. e4 Bd7 16. Rxa6 Qc8 17. Ra1 Bxh3 18. Qc2 Bxg2 19. Kxg2 h5 20. Rh1 Ng4 21. Nf3 Nc4 22. b3 Nce5 23. Ng5 Qb7 24. Rb1 Qb4 25. Bd2 Qd4 26. Rbf1 c4 27. b4 Qd3 28. Qxd3 Nxd3 29. b5 Bd4 30. f3 Bxc3 31. Bxc3 Ne3+ 32. Kh2 Nxf1+ 33. Rxf1 Rxb5 34. Ra1 Rb3 35. Bd4 c3 36. Ra7 Rf8 37. Rc7 Ne1 38. Bxc3 Ra3 39. Bxe1 Ra2+ 40. Kh3 Rb8 41. Nxf7 Rb1 42. Nh6+ Kf8 43. Rc8+ Ke7 44. Ng8+ Kd7 45. Rf8 Rxe1 46. Kh4 Rg1 47. Nf6+ Ke7 48. Nh7 Rh2+ 49. Kg5 Rxg3+ 50. Kf4 Rg1 51. Rb8 Rh4+ 52. Ke3 Rh3 53. Rb7+ Kd8 54. Rf7 g5 55. Nf6 g4 56. Kd4 Rxf3 57. Rd7+ Kc8 58. Rxd6 Rd1+ 59. Ke5 g3 60. Rc6+ Kb7 61. Nd7 g2 62. Nc5+ Ka7 63. Ra6+ Kb8 64. Rb6+ Kc8 65. Rc6+ Kd8 66. Rd6+ Ke8 67. Re6+ Kf8 68. Rg6 g1=Q 69. Ne6+ Ke7 70. d6+ Rxd6 71. Rxg1 Rxe6+ 72. Kd5 Rd3+ 73. Kc4 Re3 74. Rg7+ Kf6 75. Rh7 R3xe4+ 0-1

[Event "FIDE WCC Blitz Women 2019"]
[Site "Moscow"]
[Date "2019.12.29"]
[Round "3.41"]
[White "Kovanova, Baira"]
[Black "Antova, Gabriela"]
[Result "0-1"]
[WhiteElo "2218"]
[BlackElo "1965"]
[Annotator "NA"]
[PlyCount "102"]
[EventDate "2019.12.29"]
[EventType "swiss"]
[EventCountry "RUS"]
[SourceTitle "playchess.com"]
[Source "ChessBase"]
[SourceQuality "1"]

1. Nf3 d5 2. g3 Nf6 3. Bg2 e6 4. d3 Be7 5. O-O O-O 6. Nbd2 c5 7. e4 Nc6 8. Re1 Qc7 9. e5 Nd7 10. Qe2 b5 11. Nf1 Bb7 12. Bf4 Rfc8 13. Ne3 Qd8 14. h4 h6 15. c3 Rab8 16. Nf1 b4 17. c4 dxc4 18. dxc4 Nd4 19. Qd3 Qb6 20. N1d2 Rd8 21. Ne4 b3 22. axb3 Nxb3 23. Ra3 Nd4 24. Nxd4 cxd4 25. Rb3 Qa5 26. Bd2 Qc7 27. Rxb7 Rxb7 28. Nd6 Rxb2 29. Qxd4 Rbb8 30. Bc3 Qc5 31. Qf4 Rb3 32. Qxf7+ Kh7 33. Qxe7 Rf8 34. Rf1 Rxc3 35. Ne4 Qxe7 36. Nxc3 Nxe5 37. Re1 Nf3+ 38. Bxf3 Rxf3 39. Nd5 Qd6 40. Nf4 e5 41. Nd5 Rf8 42. Kg2 Rc8 43. Re4 Rc6 44. Ne3 a5 45. Nf5 Qf6 46. Ne3 a4 47. c5 a3 48. Ra4 Rxc5 49. Rxa3 e4 50. Ng4 Qf5 51. Nh2 Rc2 0-1

[Event "FIDE WCC Blitz Women 2019"]
[Site "Moscow"]
[Date "2019.12.29"]
[Round "3.42"]
[White "Solozhenkina, Elizaveta"]
[Black "Antonova, Nadezhda"]
[Result "1-0"]
[WhiteElo "2214"]
[BlackElo "1914"]
[Annotator "NA"]
[PlyCount "85"]
[EventDate "2019.12.29"]
[EventType "swiss"]
[EventCountry "RUS"]
[SourceTitle "playchess.com"]
[Source "ChessBase"]
[SourceQuality "1"]

1. Nf3 Nf6 2. g3 g6 3. d4 Bg7 4. Bg2 O-O 5. O-O d6 6. Nc3 Nbd7 7. Re1 c6 8. a4 a5 9. e4 e5 10. h3 Re8 11. Be3 Qc7 12. Qd2 Rb8 13. g4 b5 14. axb5 cxb5 15. dxe5 dxe5 16. g5 b4 17. gxf6 bxc3 18. Qxc3 Qxc3 19. bxc3 Nxf6 20. Nd2 Ra8 21. Nc4 a4 22. Nb6 Rb8 23. Rxa4 Nd7 24. Nd5 Bb7 25. c4 Bc6 26. Ra6 Bb7 27. Ra7 Nf6 28. Rb1 Bxd5 29. Rxb8 Rxb8 30. cxd5 Rc8 31. Ra2 h6 32. f3 Kh7 33. Bf1 Rc3 34. Kf2 Nh5 35. Bd2 Rc7 36. c4 Nf4 37. Be3 f5 38. c5 fxe4 39. fxe4 Rf7 40. Ke1 g5 41. c6 Ng6 42. d6 Bf8 43. c7 1-0

[Event "FIDE WCC Blitz Women 2019"]
[Site "Moscow"]
[Date "2019.12.29"]
[Round "3.43"]
[White "Tsogzolmaa, Nanjid"]
[Black "Atalik, Ekaterina"]
[Result "1/2-1/2"]
[WhiteElo "1775"]
[BlackElo "2211"]
[Annotator "NA"]
[PlyCount "106"]
[EventDate "2019.12.29"]
[EventType "swiss"]
[EventCountry "RUS"]
[SourceTitle "playchess.com"]
[Source "ChessBase"]
[SourceQuality "1"]

1. d4 d5 2. Nf3 e6 3. Bf4 Nf6 4. e3 Bd6 5. Bg3 O-O 6. Nbd2 c5 7. c3 Nc6 8. Bd3 b6 9. e4 dxe4 10. Nxe4 Nxe4 11. Bxe4 Bb7 12. dxc5 Bxc5 13. Qa4 Na5 14. Rd1 Qe7 15. Bxb7 Nxb7 16. Rd7 Qe8 17. Qd1 Rd8 18. Rxd8 Qxd8 19. O-O Qxd1 20. Rxd1 Rd8 21. Rxd8+ Nxd8 22. Ne5 f6 23. Nd3 e5 24. Nxc5 bxc5 25. f3 Kf7 26. Kf1 Ke6 27. Ke2 c4 28. Bf2 a6 29. Bb6 Nc6 30. Ke3 Kd5 31. b3 f5 32. b4 f4+ 33. Ke2 Ne7 34. a4 Nf5 35. Bf2 Kc6 36. g3 g5 37. g4 Ne7 38. Bc5 Nd5 39. Kd2 e4 40. fxe4 Nf6 41. Ke2 Nxe4 42. Bd4 Kd5 43. Kf3 Nd2+ 44. Ke2 Nb3 45. Bf6 h6 46. Kf3 Nd2+ 47. Ke2 Ne4 48. Bg7 Ke6 49. Kf3 Kd5 50. Ke2 Ke6 51. Kf3 Kd5 52. Ke2 Ke6 53. Kf3 Kd5 1/2-1/2

[Event "FIDE WCC Blitz Women 2019"]
[Site "Moscow"]
[Date "2019.12.29"]
[Round "3.44"]
[White "Diakonova, Ekaterina"]
[Black "Pourkashiyan, Atousa"]
[Result "0-1"]
[WhiteElo "2090"]
[BlackElo "2327"]
[Annotator "NA"]
[PlyCount "76"]
[EventDate "2019.12.29"]
[EventType "swiss"]
[EventCountry "RUS"]
[SourceTitle "playchess.com"]
[Source "ChessBase"]
[SourceQuality "1"]

1. e4 c5 2. Nf3 e6 3. b3 Nc6 4. Bb2 d6 5. d4 cxd4 6. Nxd4 Nf6 7. Nd2 Be7 8. c4 O-O 9. Bd3 Bd7 10. O-O Nxd4 11. Bxd4 Bc6 12. Qe2 Nd7 13. b4 b6 14. Rfd1 Bf6 15. Bxf6 Qxf6 16. a4 a5 17. b5 Bb7 18. Nb3 Rac8 19. Rac1 Nc5 20. Nxc5 Rxc5 21. Bb1 Qe5 22. g3 d5 23. f4 Qc7 24. exd5 exd5 25. Rd4 Ba8 26. Rc3 g6 27. Ba2 dxc4 28. Rcxc4 Qb7 29. Rxc5 Qh1+ 30. Kf2 bxc5 31. Rd1 Qxh2+ 32. Kf1 Qh1+ 33. Kf2 Qg2+ 34. Ke1 Qxg3+ 35. Kd2 Qxf4+ 36. Kc2 Be4+ 37. Kb2 Qe5+ 38. Kc1 Qc3+ 0-1

[Event "FIDE WCC Blitz Women 2019"]
[Site "Moscow"]
[Date "2019.12.29"]
[Round "3.45"]
[White "Matveeva, Svetlana"]
[Black "Gvanceladze, Anna"]
[Result "1-0"]
[WhiteElo "2239"]
[BlackElo "2066"]
[Annotator "NA"]
[PlyCount "111"]
[EventDate "2019.12.29"]
[EventType "swiss"]
[EventCountry "RUS"]
[SourceTitle "playchess.com"]
[Source "ChessBase"]
[SourceQuality "1"]

1. d4 d5 2. c4 c6 3. Nc3 Nf6 4. e3 g6 5. Nf3 Bg7 6. Bd3 O-O 7. O-O Bg4 8. h3 Bxf3 9. Qxf3 e6 10. Rd1 Nbd7 11. e4 dxe4 12. Nxe4 Nxe4 13. Bxe4 Qe7 14. Be3 Nb6 15. b3 Rfd8 16. Rac1 Rd7 17. Rd2 Rad8 18. Rcd1 Nc8 19. d5 cxd5 20. cxd5 e5 21. d6 Rxd6 22. Bxb7 Rxd2 23. Rxd2 Rxd2 24. Bxd2 Nb6 25. Ba6 h6 26. Qe2 Kh7 27. Bc3 Qc5 28. Bb2 Qa5 29. a3 Nd7 30. b4 Qb6 31. Bc4 Qc7 32. Bxf7 Nb6 33. Bb3 Qd7 34. h4 Qf5 35. Bc2 Qf4 36. h5 Qg5 37. Bxg6+ Kg8 38. g3 Qe7 39. Qe4 Qd6 40. Kg2 Qd2 41. Bxe5 Bxe5 42. Qxe5 Qd5+ 43. Qxd5+ Nxd5 44. Kf3 Nc3 45. Bd3 Kf7 46. Ke3 Ke6 47. Kd4 Na4 48. f4 Nb6 49. g4 Kf6 50. Bb5 Nc8 51. a4 Nd6 52. Bd3 Nc8 53. a5 Nd6 54. b5 Nc8 55. Kc5 Ne7 56. b6 1-0

[Event "FIDE WCC Blitz Women 2019"]
[Site "Moscow"]
[Date "2019.12.29"]
[Round "3.46"]
[White "Strutinskaia, Galina"]
[Black "Geller, Anastasiya"]
[Result "1-0"]
[WhiteElo "2227"]
[BlackElo "2073"]
[Annotator "NA"]
[PlyCount "41"]
[EventDate "2019.12.29"]
[EventType "swiss"]
[EventCountry "RUS"]
[SourceTitle "playchess.com"]
[Source "ChessBase"]
[SourceQuality "1"]

1. d4 d5 2. c4 e6 3. Nf3 c6 4. Nbd2 Nf6 5. g3 Be7 6. Bg2 O-O 7. b3 Ne4 8. Qc2 f5 9. O-O Nd7 10. Bb2 Bd6 11. Ne5 Qf6 12. Ndf3 Qh6 13. Bc1 Qh5 14. Nd3 g5 15. Nfe5 Nef6 16. Qd2 h6 17. h4 Ne4 18. Qe3 f4 19. gxf4 gxf4 20. Qf3 Qxf3 21. exf3 1-0

[Event "FIDE WCC Blitz Women 2019"]
[Site "Moscow"]
[Date "2019.12.29"]
[Round "3.47"]
[White "Novikova, Anna"]
[Black "Tomilova, Elena"]
[Result "0-1"]
[WhiteElo "2045"]
[BlackElo "2219"]
[Annotator "NA"]
[PlyCount "66"]
[EventDate "2019.12.29"]
[EventType "swiss"]
[EventCountry "RUS"]
[SourceTitle "playchess.com"]
[Source "ChessBase"]
[SourceQuality "1"]

1. e4 e6 2. d4 d5 3. Nc3 Nf6 4. Bg5 Bb4 5. e5 h6 6. Bd2 Bxc3 7. Bxc3 Ne4 8. Bb4 c5 9. dxc5 Nc6 10. Bb5 Nxf2 11. Kxf2 Qh4+ 12. g3 Qxb4 13. Bxc6+ bxc6 14. Ne2 Qxb2 15. Qd4 Qxc2 16. Rhc1 Qf5+ 17. Kg1 Ba6 18. Nf4 O-O 19. a4 Rab8 20. Ra2 Rb1 21. Ra1 Rfb8 22. Qd2 Rxa1 23. Rxa1 Qxe5 24. Re1 Qb2 25. Qa5 Qd4+ 26. Kg2 Rb2+ 27. Kh3 Bd3 28. Qd8+ Kh7 29. Qd6 Bf5+ 30. g4 Rb3+ 31. Kg2 Qd2+ 32. Re2 Be4+ 33. Kf2 Qd4+ 0-1

[Event "FIDE WCC Blitz Women 2019"]
[Site "Moscow"]
[Date "2019.12.29"]
[Round "3.48"]
[White "Nur-Mukhametova, Alisa"]
[Black "Lysenko, Margarita"]
[Result "0-1"]
[WhiteElo "1832"]
[BlackElo "2188"]
[Annotator "NA"]
[PlyCount "88"]
[EventDate "2019.12.29"]
[EventType "swiss"]
[EventCountry "RUS"]
[SourceTitle "playchess.com"]
[Source "ChessBase"]
[SourceQuality "1"]

1. e4 c5 2. Nf3 d6 3. d4 cxd4 4. Qxd4 a6 5. c4 Nc6 6. Qe3 Nf6 7. h3 g6 8. Be2 Bg7 9. O-O O-O 10. Nc3 Nd7 11. b3 Nc5 12. Bb2 e5 13. Rad1 Ne6 14. Nd5 Ned4 15. Nxd4 Nxd4 16. Rd2 Be6 17. Nc3 Qa5 18. Bd1 b5 19. cxb5 axb5 20. Ne2 Nxe2+ 21. Bxe2 b4 22. Ba1 Rfc8 23. Rfd1 Bf8 24. Qd3 Rc6 25. f4 f6 26. f5 Bf7 27. Bf3 Rac8 28. Bb2 g5 29. g4 Qa6 30. Qxa6 Rxa6 31. Ba1 Rca8 32. Bb2 Rxa2 33. Bg2 Bxb3 34. Rc1 Bf7 35. Kh2 b3 36. Kg3 Rb8 37. Rb1 Rb4 38. Bc3 Rxd2 39. Bxd2 Ra4 40. Rb2 Ra2 41. Rxa2 bxa2 42. Bc3 Be7 43. Ba1 Bd8 44. Kf3 Bb6 0-1

[Event "FIDE WCC Blitz Women 2019"]
[Site "Moscow"]
[Date "2019.12.29"]
[Round "3.49"]
[White "Zhuravleva, Olga"]
[Black "Ovezdurdiyeva, Jemal"]
[Result "0-1"]
[WhiteElo "2127"]
[BlackElo "1877"]
[Annotator "NA"]
[PlyCount "71"]
[EventDate "2019.12.29"]
[EventType "swiss"]
[EventCountry "RUS"]
[SourceTitle "playchess.com"]
[Source "ChessBase"]
[SourceQuality "1"]

1. e4 c5 2. Nf3 d6 3. d4 cxd4 4. Nxd4 Nf6 5. Nc3 a6 6. Bd3 e5 7. Nb3 Be6 8. O-O Be7 9. Kh1 O-O 10. f4 exf4 11. Bxf4 Nc6 12. Qf3 Ne5 13. Qf2 Nfg4 14. Qe2 Qb6 15. h3 Nxd3 16. cxd3 Ne5 17. Be3 Qd8 18. Nd4 Qd7 19. Kh2 b5 20. a3 Ng6 21. Rae1 Bf6 22. Nf3 d5 23. d4 dxe4 24. Nxe4 Bd8 25. Qd2 Bc7+ 26. Kh1 Bd5 27. Bg1 Rae8 28. Nc5 Qd6 29. Bh2 Qc6 30. Bxc7 Qxc7 31. Rxe8 Rxe8 32. Nxa6 Qg3 33. Qf2 Qf4 34. Nb4 Bc4 35. Rd1 Re2 36. Qg1 0-1

[Event "FIDE WCC Blitz Women 2019"]
[Site "Moscow"]
[Date "2019.12.29"]
[Round "3.50"]
[White "Munkhzul, Davaakhuu"]
[Black "Buksa, Nataliya"]
[Result "0-1"]
[WhiteElo "1973"]
[BlackElo "2356"]
[Annotator "NA"]
[PlyCount "66"]
[EventDate "2019.12.29"]
[EventType "swiss"]
[EventCountry "RUS"]
[SourceTitle "playchess.com"]
[Source "ChessBase"]
[SourceQuality "1"]

1. e4 c5 2. Nf3 Nc6 3. d4 cxd4 4. Nxd4 e5 5. Nb5 d6 6. N1c3 a6 7. Na3 Be7 8. Nc4 b5 9. Ne3 Nf6 10. a3 Be6 11. Be2 Nd4 12. O-O Nxe2+ 13. Qxe2 O-O 14. Rd1 Rb8 15. Ned5 Nxd5 16. Nxd5 Bg5 17. Bxg5 Qxg5 18. Rd3 Kh8 19. Rad1 f5 20. Rg3 Qh6 21. exf5 Bxd5 22. Rxd5 Rxf5 23. Qd1 Rf6 24. Rgd3 e4 25. R3d4 e3 26. Rxd6 exf2+ 27. Kf1 Qxh2 28. Rxf6 Qg1+ 29. Ke2 Re8+ 30. Kd2 Qxd1+ 31. Kxd1 gxf6 32. Rf4 Re1+ 33. Kd2 f1=Q 0-1

[Event "FIDE WCC Blitz Women 2019"]
[Site "Moscow"]
[Date "2019.12.29"]
[Round "3.51"]
[White "Danielian, Elina"]
[Black "Nilssen, Ellen Fredericia"]
[Result "1-0"]
[WhiteElo "2341"]
[BlackElo "2162"]
[Annotator "NA"]
[PlyCount "71"]
[EventDate "2019.12.29"]
[EventType "swiss"]
[EventCountry "RUS"]
[SourceTitle "playchess.com"]
[Source "ChessBase"]
[SourceQuality "1"]

1. d4 Nf6 2. Nf3 g6 3. Bg5 d5 4. Bxf6 exf6 5. e3 Bd6 6. g3 O-O 7. Bg2 Bf5 8. O-O c6 9. b3 a5 10. c4 a4 11. cxd5 axb3 12. Qxb3 Qd7 13. Nc3 Ra3 14. Qb2 cxd5 15. Nxd5 Kg7 16. Nb6 Qe7 17. Nc4 Bd3 18. Nxa3 Bxf1 19. Rxf1 Bxa3 20. Qb3 Nc6 21. Rb1 Na5 22. Qb5 Ra8 23. h4 Qe6 24. d5 Qd6 25. Nd2 Ra6 26. Qd3 Qe5 27. Qxa3 Nc4 28. Nxc4 Rxa3 29. Nxe5 fxe5 30. Rxb7 Rxa2 31. d6 Rd2 32. d7 Kf6 33. Bc6 Ke7 34. Rb8 f5 35. Re8+ Kf6 36. d8=Q+ 1-0